stadium of laliga's team - Statistics

General Stats
  • This quiz has been taken 35 times
  • The average score is 4 of 20
Answer Stats
Hint Answer % Correct
Barcelona Camp Nou
83%
Athletic Bilbao San Mamés
79%
Real madrid Bernabéu
42%
Deportivo Alavés Mendizorrotza
33%
Valencia Mestalla
29%
Espanyol RCDE Stadium
21%
Real sociedad Reale Arena
21%
Atlético Madrid Riyadh Air Metropolitano
21%
Celta Vigo ABANCA Balaídos
17%
Levante Ciutat de València
17%
Villareal Estadio de la Cerámica
13%
Rayo Vallecano Estadio de Vallecas
13%
Real oviedo Carlos Tartiere
8%
Real betis Estadio de La Cartuja
8%
Sevilla Ramón Sánchez-Pizjuán
8%
Mallorca Estadi Mallorca Son Moix
0%
Getafe Estadio Coliseum
0%
Osasuna Estadio El Sadar
0%
Elche Estadio Martínez Valero
0%
Girona Municipal Montilivi
0%
No matching quizzes found
Score Distribution
Percent of People with Each Score
Percentile by Number Answered
Your Score History
You have not taken this quiz